Musiikkia kirjaimittain- E - Statistics

Yleistilastot
  • Tätä visaa on pelattu 280 kertaa
  • Keskiarvotulos 8 / 17
Vastaustilastot
Kappaleet Maa Aktiivisena Artisti/Bändi % Oikein
Anna soida | Jarruta Suomi 1997 - Elastinen
94%
Carrie | Elefantin paino Suomi 2011 - Ellinoora
93%
Galway Girl | Shape of You Iso-Britannia 2004 - Ed Sheeran
76%
The Final Countdown | Rock the Night Ruotsi 1979 - 1992,2003 - Europe
75%
Kylmii väreitä | Sireenit Suomi 2012 - Evelina
74%
Love Me Tender | Jailhouse Rock Yhdysvallat 1953 - 1977 Elvis Presley
71%
Still Falling For You | Love Me Like You Do Iso-Britannia 2009 - Ellie Goulding
48%
Päivii niit | Popeda Suomi 1995 - Erin
41%
Soutaa huopaa | Tänään lähtee Suomi 2011 - 2013 Elokuu
40%
Hailie's Song | Soldier Yhdysvallat 1996 - Eminem
39%
Humppasonni | Ja humppa soi Suomi 1993 - Eläkeläiset
33%
Bring Me to Life | Wasted on You Yhdysvallat 1995 - Evanescence
32%
Help Me Dr. Dick | Max Don't Have Sex With Your Ex Saksa 1994 - 2003, 2014 - E-Rotic
24%
Takin’ Back My Love | Hero Espanja 1995 - Enrique Iglesias
20%
Russian Lullaby | Back in the Loop Ruotsi 1991 - E-Type
20%
Don’t Ask Me Why | Would I Lie to You? Iso-Britannia 1980 - 1990, 1999 - 2005 Eurythmics
6%
Heaven | Next to Me Iso-Britannia 2009 - Emeli Sandé
5%
Ehtoja vastaavia visoja ei löytynyt
Tulosjakauma
Jokaisen tuloksen saaneiden osuus
Persentiili vastausten määrän mukaan
Tuloshistoriasi
Et ole pelannut tätä visaa